000 00306nam a2200121Ia 4500
005 20251222144823.0
008 251222s9999||||xx |||||||||||||| ||spa||
082 _a401.41/A52
100 _aAmaya Deza, Luis
245 0 _aRasgos de Semiótica General: Apuntes para un Curso
264 _bs.e.
942 _cLIB
999 _c20567
_d20567